| 000 | 00993nas a2200265Ia 4500 | ||
|---|---|---|---|
| 001 | R142/77663 | ||
| 003 | IT-RoPAU | ||
| 008 | 151124c99999999xx |||||||||||| ||und|| | ||
| 040 | _aIT-RoPAU | ||
| 040 | _cIT-RoPAU | ||
| 041 | _aFRANCESE | ||
| 100 |
_aAA.VV. _gCodice Aut. SPICS: 12000 |
||
| 210 | _aRESEAUX | ||
| 222 | _aReseaux | ||
| 245 |
_aRESEAUX, N.037 (OTTOBRE 1989) _bReseaux, N.037 (Ottobre 1989) |
||
| 250 | _a2a ed. | ||
| 260 |
_aPARIS _bCNET _c1989 |
||
| 501 |
_bPaulus - SPICS - Società San Paolo EM (non-commercial uses only) _cCopyright2015 |
||
| 300 | _a154 p. | ||
| 310 | _aBIMESTRALE | ||
| 362 | _aN.037 (OTTOBRE 1989) | ||
| 500 | _aReti: Comunicazione, Tecnologia e Società . Dossier con Contributi di Autori Vari Su: Dieci Anni di Videotex. Telematica e Configurazione di Autori, France Telecom, Videotex in Grmania, Telidon in Canada, Videotex e Videodisco, Teletel. Bibliografia Selett | ||
| 650 |
_aCOMUNICAZIONE _vPUBBLICAZIONE PERIODICA |
||
| 942 | _cCR | ||
| 999 |
_c190256 _d190256 |
||